Webová aplikácia pre správu aktivít STUBA Green Team
Uložené v:
| Hlavný autor: | |
|---|---|
| Ďalší autori: | |
| Médium: | Rukopis Kniha |
| Jazyk: | Slovak |
| Vydavateľské údaje: |
Bratislava :
STU v Bratislave FEI,
2023
|
| Predmet: | |
| On-line prístup: | https://opac.crzp.sk/?fn=detailBiblioFormChildAOTRU&sid=C0DEB8E07572332BA3270E15805F&seo=CRZP-detail-kniha |
| Tagy: |
Žiadne tagy, Buďte prvý, kto otaguje tento záznam!
|
MARC
| LEADER | 00000ntm a22000003a 4500 | ||
|---|---|---|---|
| 001 | stuzp93419 | ||
| 003 | SK-STU | ||
| 005 | 20241204151630.9 | ||
| 007 | ta | ||
| 008 | 150427s2015----xo-----f-mn---000-0-slo-d | ||
| 040 | |a STU |b slo | ||
| 041 | 0 | |a slo | |
| 044 | |a xo | ||
| 100 | 1 | |a Bača, Lukáš |u 030400 |4 aut |U FEI Fakulta elektrotechniky a informatiky |T FEI Ústav automobilovej mechatroniky |X 92244 |U E400 |Y 642 |7 92244 | |
| 242 | 0 | 1 | |a Web application for managing STUBA Green Team activities |y eng |
| 245 | 1 | 0 | |a Webová aplikácia pre správu aktivít STUBA Green Team |
| 260 | |a Bratislava : |b STU v Bratislave FEI, |c 2023 | ||
| 300 | |a 72 s. | ||
| 650 | 4 | |a správa aktivít |2 slo | |
| 650 | 4 | |a STUBA Green Team |2 slo | |
| 650 | 4 | |a webová aplikácia |2 slo | |
| 650 | 4 | |a Inertia |2 slo | |
| 650 | 4 | |a web application |2 eng | |
| 650 | 4 | |a activity management |2 eng | |
| 650 | 4 | |a STUBA Green Team |2 eng | |
| 650 | 4 | |a Inertia |2 eng | |
| 700 | 1 | |a Kozáková, Alena |u 030400 |k Z1 |4 ths |U FEI Fakulta elektrotechniky a informatiky |T FEI Ústav automobilovej mechatroniky |X 4939 |U E400 |Y 642 |7 A000004939 | |
| 856 | 4 | |u https://opac.crzp.sk/?fn=detailBiblioFormChildAOTRU&sid=C0DEB8E07572332BA3270E15805F&seo=CRZP-detail-kniha | |